000 00406nam a2200181Ia 4500
001 2341
005 20260306144759.0
008 260306t2019||||xx |||||||||||||| ||spa||
041 _aESP
082 _a616.89
_bA43
100 _aAllers, Rudolf
_eAUT
245 0 _aMundos anómalos
260 _c2019
300 _a249 páginas :
_c21 cm.
650 _aGEN
654 _aCHU
942 _cLIB
_dJUS
_fJUS
_2ddc
_n
999 _c2341
_d2341